Online
Catalog

Santiago de nueva extremadura / (Record no. 39109)

MARC details
000 -CABECERA
campo de control de longitud fija 00615nam a2200181 a 4500
001 - NÚMERO DE CONTROL
campo de control 000039619
005 - FECHA Y HORA DE LA ÚLTIMA TRANSACCIÓN
campo de control 20201002033640.0
008 - DATOS DE LONGITUD FIJA--INFORMACIÓN GENERAL
campo de control de longitud fija 130711s1983 ch a 000 0 spa d
040 ## - FUENTE DE LA CATALOGACIÓN
Centro catalogador/agencia de origen DO-SdBNP
Lengua de catalogación spa
Centro/agencia transcriptor BNPHU
245 00 - MENCIÓN DE TÍTULO
Título Santiago de nueva extremadura /
Mención de responsabilidad, etc. Prólogo Enrique Campos Menendez.
260 ## - PUBLICACIÓN, DISTRIBUCIÓN, ETC.
Lugar de publicación, distribución, etc. Chile :
Nombre del editor, distribuidor, etc. Dirección de Bibliotecas, Archivos y Museos,
Fecha de publicación, distribución, etc. 1983.
300 ## - DESCRIPCIÓN FÍSICA
Extensión 142 p. :
Otras características físicas ils. ;
Dimensiones BNPHU.
490 1# - MENCIÓN DE SERIE
Mención de serie Chile y su Cultura
490 1# - MENCIÓN DE SERIE
Mención de serie Monumentos Nacionales
700 1# - PUNTO DE ACCESO ADICIONAL--NOMBRE DE PERSONA
Nombre de persona Campos Menendez, Enrique,
Término indicativo de función/relación pról.
9 (RLIN) 18487
830 #0 - PUNTO DE ACCESO ADICIONAL DE SERIE-TÍTULO UNIFORME
Título uniforme Chile y su Cultura
9 (RLIN) 65790
830 #0 - PUNTO DE ACCESO ADICIONAL DE SERIE-TÍTULO UNIFORME
Título uniforme Monumentos Nacionales
9 (RLIN) 65791
Holdings
Estado de retiro Estado de pérdida Restricciones de uso No para préstamo Código de colección Localización permanente Ubicación/localización actual Ubicación en estantería Fecha de adquisición Número de inventario Total de préstamos Signatura topográfica completa Código de barras Fecha visto por última vez Precio válido a partir de Tipo de ítem Koha
        Monografías: Libros y Folletos General General En catalogación 11.07.2013 LF1   39619-10 25.06.2020 25.06.2020 Préstamo en sala

Powered by Koha